|
|
|
|
| LEADER |
00873nab a2200265 i 4500 |
| 001 |
publ33982 |
| 005 |
20240704084502.0 |
| 008 |
240704s2017 hu o 000 eng d |
| 022 |
|
|
|a 2469-9926
|
| 024 |
7 |
|
|a 10.1103/PhysRevA.95.033419
|2 doi
|
| 024 |
7 |
|
|a 33296603
|2 mtmt
|
| 040 |
|
|
|a SZTE Publicatio Repozitórium
|b hun
|
| 041 |
|
|
|a eng
|
| 100 |
1 |
|
|a Troß Jan
|
| 245 |
1 |
0 |
|a N2 HOMO-1 orbital cross section revealed through high-order-harmonic generation
|h [elektronikus dokumentum] /
|c Troß Jan
|
| 260 |
|
|
|c 2017
|
| 300 |
|
|
|a 6
|
| 490 |
0 |
|
|a PHYSICAL REVIEW A
|v 95 No. 3
|
| 650 |
|
4 |
|a Fizikai tudományok
|
| 700 |
0 |
1 |
|a Ren Xiaoming
|e aut
|
| 700 |
0 |
1 |
|a Makhija Varun
|e aut
|
| 700 |
0 |
1 |
|a Mondal Sudipta
|e aut
|
| 700 |
0 |
1 |
|a Kumarappan Vinod
|e aut
|
| 700 |
0 |
2 |
|a Trallero-Herrero Carlos A.
|e aut
|
| 856 |
4 |
0 |
|u http://publicatio.bibl.u-szeged.hu/33982/1/33296603.pdf
|z Dokumentum-elérés
|